Biblioteca y Centro de Documentación

Cotización a la seguridad social por accidentes de trabajo y enfermedades profesionales (Registro nro. 50048)

Detalles MARC
000 -CABECERA
Longitud fija campo de control 01096naa a2200277 c 4500
001 - NÚMERO DE CONTROL
Número de control 50048
003 - IDENTIFICADOR DE NÚMERO DE CONTROL
Identificador del número de control ES-MaCES
005 - FECHA Y HORA DE LA ÚLTIMA TRANSACCIÓN
Fecha y hora de la última transacción 20171010145341.0
008 - CAMPO FIJO DE DESCRIPCIÓN FIJA--INFORMACIÓN GENERAL
Códigos de información de longitud fija   171010s2017 sp ||||| t||||||| ||spa d
040 ## - FUENTE DE CATALOGACIÓN
Centro catalogador de origen ES-MaCES
Lengua de catalogación spa
Centro transcriptor ES-MaCES
Centro modificado ES-MaCES
100 ## - ENCABEZAMIENTO PRINCIPAL--NOMBRE PERSONAL
9 (RLIN) 38613
Nombre de persona Cortés Martín, Sandra
245 10 - MENCIÓN DE TÍTULO
Título Cotización a la seguridad social por accidentes de trabajo y enfermedades profesionales
Mención de responsabilidad, etc. Sandra Cortés Martín
650 #4 - ASIENTO SECUNDARIO DE MATERIA--TÉRMINO DE MATERIA
9 (RLIN) 28345
Término de materia o nombre geográfico como elemento inicial accidente de trabajo
650 #4 - ASIENTO SECUNDARIO DE MATERIA--TÉRMINO DE MATERIA
9 (RLIN) 28346
Término de materia o nombre geográfico como elemento inicial enfermedad profesional
650 #4 - ASIENTO SECUNDARIO DE MATERIA--TÉRMINO DE MATERIA
9 (RLIN) 30106
Término de materia o nombre geográfico como elemento inicial cotizaciones
650 #4 - ASIENTO SECUNDARIO DE MATERIA--TÉRMINO DE MATERIA
9 (RLIN) 27034
Término de materia o nombre geográfico como elemento inicial seguridad social
650 #4 - ASIENTO SECUNDARIO DE MATERIA--TÉRMINO DE MATERIA
9 (RLIN) 28213
Término de materia o nombre geográfico como elemento inicial inspección del trabajo
650 #4 - ASIENTO SECUNDARIO DE MATERIA--TÉRMINO DE MATERIA
9 (RLIN) 29073
Término de materia o nombre geográfico como elemento inicial sanción
650 #4 - ASIENTO SECUNDARIO DE MATERIA--TÉRMINO DE MATERIA
9 (RLIN) 27165
Término de materia o nombre geográfico como elemento inicial derecho del trabajo
650 #4 - ASIENTO SECUNDARIO DE MATERIA--TÉRMINO DE MATERIA
9 (RLIN) 27166
Término de materia o nombre geográfico como elemento inicial legislación del trabajo
650 #4 - ASIENTO SECUNDARIO DE MATERIA--TÉRMINO DE MATERIA
9 (RLIN) 29888
Término de materia o nombre geográfico como elemento inicial sentencia judicial
653 10 - TÉRMINO DE INDEXACIÓN--NO CONTROLADO
Término no controlado Derecho del trabajo y Seguridad Social
773 0# - ENTRADA DE DOCUMENTO FUENTE
Itemnumber del ítem fuente 86457
Lugar, editor y fecha de publicación Valladolid (Avda. Reyes Católicos, 11, 47008) Lex nova
Otro identificador del documento 089354
Título Información laboral
Número de control del registro relacionado (ES-MaCES)25782
Parte(s) relacionada(s) n. 6 (2017) {55/796 R. 089354} ;p. 79-93
902 ## - CES. TIPO DE DOCUMENTO
Tipodoc (006$c Sirtex) ART Artículo de revista
942 ## - ELEMENTOS KOHA
Fuente de clasificaión o esquema Clasificación propia del CES
Koha [por defecto] tipo de item Artículos (1982-2017)
Parte de clasificación Derecho del Trabajo y Seguridad Social

No hay ítems disponibles.

© CES, Consejo Económico y Social de España 2021